Random Megacities Map Quiz - Statistics

General Stats
  • This quiz has been taken 2,004 times
  • The average score is 9 of 10
Answers on the Map
Answers color-coded by a green-red scale on the quiz's map according to % correct below.
 
Answer Stats
Answer % Correct
Cairo
98%
London
98%
Los Angeles
97%
Mexico City
97%
New York City
97%
Paris
97%
Buenos Aires
96%
Istanbul
96%
Moscow
96%
Johannesburg
95%
Bangkok
94%
Rio de Janeiro
93%
Seoul
93%
Delhi
92%
Jakarta
92%
Lagos
92%
Lima
92%
Manila
92%
Osaka
92%
Tehran
92%
Tokyo
92%
Kinshasa
89%
Beijing
88%
Mumbai
88%
São Paulo
88%
Shanghai
88%
Dhaka
85%
Guangzhou
84%
Karachi
83%
Kolkata
83%
Nagoya
81%
Xiamen
76%
Tianjin
75%
Chennai
74%
Lahore
73%
Bengaluru
72%
Hyderabad
72%
No matching quizzes found
Score Distribution
Percent of People with Each Score
Percentile by Number Answered
Your Score History
You have not taken this quiz